Leeds United Managers (1961-2013) - Statistics

General Stats
  • This quiz has been taken 485 times
  • The average score is 10 of 18
Answer Stats
Hint Answer % Correct
1961 - 1974 Don Revie
93%
1974 Brian Clough
79%
1998 - 2002 David O'Leary
79%
1982 - 1985 Eddie Gray
75%
1988 - 1996 Howard Wilkinson
73%
1985 - 1988 Billy Bremner
67%
2012 - Present Neil Warnock
62%
2002 - 2003 Terry Venables
62%
1996 - 1998 George Graham
61%
2008 - 2012 Simon Grayson
60%
2003 Peter Reid
56%
2006 - 2008 Dennis Wise
54%
2008 Gary McAllister
44%
1980 - 1982 Allan Clarke
38%
1974 - 1978 Jimmy Armfield
36%
2004 - 2006 Kevin Blackwell
36%
1978 Jock Stein
29%
1978 - 1980 Jimmy Adamson
24%
No matching quizzes found
Score Distribution
Percent of People with Each Score
Percentile by Number Answered
Your Score History
You have not taken this quiz